000 00703cam a2200253Ia 4500
008
020 _a071953092X (hbk.)
049 _aMAIN
090 _aQC358
100 1 _aDeeson, Eric.
245 1 0 _aLight /
_cCompiled by Eric Deeson.
260 _aLondon :
_bJohn Murray,
_cc1975.
300 _a85 p. :
_bill. ;
_c22cm.
440 _aASE lab books.
500 _a Includes index.
650 0 _aOptics
_xLaboratory manuals.
650 0 _aLight.
650 _aOptics
_aLaboratory techniques For teaching. Readings
907 _a.b10042027
_b17-11-05
_c17-04-03
003
005 20260213150938.0
040 _cNUST
942 _cBOOKS
_kQC358
_01
999 _c160144
_d160144